000 00538nam a2200193Ia 4500
003 LDD
008 181029s9999 xx 000 0 und d
020 _a415701961
_cP 22.99
040 _cLDD
100 _aBarron, John M.
245 0 _aUnderstanding Macroeconomic Theory
_cJohn M. Barron
260 _aNew York
_bRoutledge
_c2006
300 _a234p.
365 _bP 22.99
901 _a3404
_b20-10-2006
902 _a11411
_b15-11-2006
_cF
_dGBH
_e33
903 _aDiscount-10
_bReqst by : Madhu Bala(Dr. Mrs.)
942 _2ddc
_cBK
999 _c76475
_d76475